[Event "Aeroflot Open 2006"]
[Site "Moscu RUS"]
[Date "2006.02.12"]
[Round "5.11"]
[White "Shabalov, Alexander"]
[Black "Najer, Evgeniy"]
[Result "1/2-1/2"]
[WhiteElo "2595"]
[BlackElo "2652"]
[PlyCount "142"]
[EventDate "2006.02.08"]
[EventType "swiss"]
[EventRounds "9"]
[EventCountry "RUS"]
[Source "lmi"]
[SourceDate "2006.02.18"]

1. e4 c5 2. Nf3 d6 3. d4 cxd4 4. Nxd4 Nf6 5. Nc3 a6 6. Be3 e5 7. Nb3 Be7 8. Qd2
O-O 9. f3 Be6 10. O-O-O Nbd7 11. g4 Qc7 12. h4 b5 13. h5 b4 14. Nd5 Bxd5 15.
exd5 Rfc8 16. Rh2 a5 17. g5 a4 18. Na1 a3 19. Nb3 axb2+ 20. Kxb2 Nxd5 21. Qxd5
Qc3+ 22. Kb1 Qxe3 23. g6 Qf4 24. Rhd2 Rab8 25. Bh3 Nb6 26. Qxf7+ Qxf7 27. gxf7+
Kxf7 28. Bxc8 Rxc8 29. Re1 Nc4 30. Rg2 h6 31. Nc1 Bg5 32. Nd3 Bd2 33. Rd1 Bc3
34. Rdg1 g5 35. hxg6+ Kg7 36. Rh1 Ra8 37. Rhh2 Rf8 38. Rh4 Bd4 39. Nxb4 Rxf3
40. c3 Rxc3 41. Nc2 Rf3 42. a4 Rb3+ 43. Kc1 Bb2+ 44. Kd1 d5 45. a5 Rd3+ 46. Ke2
Rd2+ 47. Kf3 e4+ 48. Kg3 Be5+ 49. Kh3 Rd3+ 50. Kg4 Nxa5 51. Nb4 Rd1 52. Kf5 Bf6
53. Rh5 Nb3 54. Ke6 Nd4+ 55. Kd7 Bg5 56. Nxd5 Kxg6 57. Rh3 Kf5 58. Nc3 Ra1 59.
Kd6 Ra6+ 60. Kd5 Ne6 61. Rf2+ Nf4+ 62. Kc4 Rc6+ 63. Kb5 Re6 64. Re3 h5 65. Ne2
Re5+ 66. Kc4 h4 67. Rf1 Re8 68. Nd4+ Kg6 69. Rg1 Kh5 70. Nf5 Re5 71. Nd6 Ng6
1/2-1/2

[Event "Aeroflot Open 2006"]
[Site "Moscu RUS"]
[Date "2006.02.12"]
[Round "5.12"]
[White "Yevseev, Denis"]
[Black "Asrian, Karen"]
[Result "0-1"]
[WhiteElo "2557"]
[BlackElo "2646"]
[PlyCount "104"]
[EventDate "2006.02.08"]
[EventType "swiss"]
[EventRounds "9"]
[EventCountry "RUS"]
[Source "lmi"]
[SourceDate "2006.02.18"]

1. Nf3 c5 2. c4 Nf6 3. Nc3 g6 4. g3 Bg7 5. Bg2 O-O 6. O-O d5 7. cxd5 Nxd5 8. d4
Nxc3 9. bxc3 Nc6 10. dxc5 Qa5 11. Be3 Bxc3 12. Rc1 Bg7 13. Qb3 Qa6 14. a4 Qxe2
15. Rfd1 Qb2 16. Qb5 a6 17. Qb6 Qa3 18. Nd2 Qxa4 19. Nc4 Qb5 20. Qxb5 axb5 21.
Nb6 Rb8 22. Rb1 Bg4 23. f3 Bf5 24. Rxb5 Rbd8 25. Rxd8 Rxd8 26. f4 Rd1+ 27. Kf2
Ra1 28. Nc4 Ra2+ 29. Kg1 Rxg2+ 30. Kxg2 Bd3 31. Rxb7 Bxc4 32. Rc7 f5 33. g4
Bd5+ 34. Kg3 fxg4 35. Kxg4 Be4 36. Kg3 Kf7 37. Rd7 Ke6 38. Rd1 h5 39. Rd2 Bf6
40. Rd1 Kf5 41. Rd7 Bc3 42. Rd1 Ba5 43. Ra1 e6 44. Kf2 Bd5 45. Rb1 Bd8 46. Ke2
Ke4 47. Rc1 Bf6 48. Rg1 Nd4+ 49. Bxd4 Bxd4 50. Rxg6 Bxc5 51. Rf6 Be3 52. Rh6
Kxf4 0-1

[Event "Aeroflot Open 2006"]
[Site "Moscu RUS"]
[Date "2006.02.12"]
[Round "5.14"]
[White "Huzman, Alexander"]
[Black "Volkov, Sergey"]
[Result "1/2-1/2"]
[WhiteElo "2573"]
[BlackElo "2629"]
[PlyCount "193"]
[EventDate "2006.02.08"]
[EventType "swiss"]
[EventRounds "9"]
[EventCountry "RUS"]
[Source "lmi"]
[SourceDate "2006.02.18"]

1. d4 d5 2. c4 c6 3. Nf3 Nf6 4. Nc3 a6 5. c5 Nbd7 6. Bf4 Nh5 7. Bd2 Nhf6 8. Qc2
g6 9. h3 Qc7 10. e4 Nxe4 11. Nxe4 dxe4 12. Qxe4 Nf6 13. Qe5 Qxe5+ 14. dxe5 Ne4
15. Be3 Be6 16. Bd3 Bd5 17. O-O O-O-O 18. Rfd1 Bg7 19. Rac1 f5 20. exf6 exf6
21. Bb1 Rhe8 22. Nd2 Ng5 23. Re1 Ne6 24. Nc4 Bxc4 25. Rxc4 f5 26. b4 Nd4 27.
Kf1 Nb5 28. Bd2 Rxe1+ 29. Kxe1 Na3 30. Rc1 Bb2 31. Rd1 Nc4 32. Ke2 Nxd2 33.
Rxd2 Ba3 34. Rxd8+ Kxd8 35. g4 fxg4 36. hxg4 Bxb4 37. g5 Ke7 38. f4 Ke6 39. Bc2
Bxc5 40. Bb3+ Kf5 41. Kf3 Bf8 42. Bc2+ Ke6 43. Bb3+ Kd6 44. Ke4 b5 45. Bg8 h6
46. gxh6 Bxh6 47. Bf7 c5 48. Kd3 c4+ 49. Kc2 Bxf4 50. Bxg6 Kc5 51. Bf5 Be5 52.
Bc8 Kb6 53. Kb1 Bd6 54. Kc2 Be7 55. Kb1 a5 56. Bd7 Ba3 57. Kc2 Kc5 58. Be8 a4
59. Bd7 Kb4 60. Be8 Ka5 61. Bf7 Be7 62. Be6 Kb4 63. Bd7 Bf8 64. Be8 Bg7 65. Bd7
Ka5 66. Be6 Ka6 67. Bd7 Bf6 68. Be8 Kb6 69. Bd7 Ka5 70. Be6 Bh8 71. Bf7 Ka6 72.
Be8 Kb6 73. Bd7 Be5 74. Be8 Ka5 75. Bf7 Kb4 76. Be8 Kc5 77. Bd7 Bc7 78. Be8 Kb4
79. Bd7 Bd8 80. Be8 Ka5 81. Bf7 Bf6 82. Be6 Kb6 83. Bd7 Bh4 84. Be8 Ka5 85. Bf7
Kb4 86. Be8 Kc5 87. Bd7 Bf6 88. Be8 a3 89. Bd7 b4 90. Be6 b3+ 91. Kb1 Kb4 92.
Bf7 Be7 93. Be6 Kc3 94. Bf7 Bg5 95. Be6 Bf6 96. Bf7 Kd3 97. axb3 1/2-1/2

[Event "Aeroflot Open 2006"]
[Site "Moscu RUS"]
[Date "2006.02.12"]
[Round "5.15"]
[White "Galkin, Alexander"]
[Black "Khairullin, Ildar"]
[Result "1-0"]
[WhiteElo "2616"]
[BlackElo "2533"]
[PlyCount "120"]
[EventDate "2006.02.08"]
[EventType "swiss"]
[EventRounds "9"]
[EventCountry "RUS"]
[Source "lmi"]
[SourceDate "2006.02.18"]

1. e4 c5 2. Nf3 Nc6 3. d4 cxd4 4. Nxd4 Nf6 5. Nc3 e5 6. Ndb5 d6 7. Bg5 a6 8.
Na3 b5 9. Bxf6 gxf6 10. Nd5 Bg7 11. Bd3 Ne7 12. Nxe7 Qxe7 13. c4 f5 14. O-O O-O
15. Qf3 d5 16. cxd5 fxe4 17. Bxe4 Rb8 18. Rfd1 Qd7 19. d6 Rb6 20. Qd3 Rd8 21.
Rac1 Bf8 22. Rc7 Qxc7 23. Bxh7+ Kg7 24. dxc7 Rxd3 25. Bxd3 Rc6 26. Nc2 f5 27.
Ne3 e4 28. Bb1 Rxc7 29. g4 fxg4 30. Bxe4 Be6 31. Bf5 Bf7 32. Bxg4 Bxa2 33. Ra1
Bf7 34. Rxa6 Rc1+ 35. Kg2 Rb1 36. h4 Rxb2 37. h5 Ra2 38. h6+ Kg8 39. Rf6 Ra7
40. Bf5 b4 41. Rb6 Re7 42. Ng4 Kh8 43. Kg3 b3 44. f4 Bh5 45. Ne5 Be8 46. Rf6
Kg8 47. h7+ Rxh7 48. Bxh7+ Kxh7 49. Rb6 Ba4 50. Nd3 Kg7 51. Nb2 Be8 52. Rxb3
Bf7 53. Rb6 Be7 54. Nd3 Bg6 55. Ne5 Bf5 56. Ng4 Bd8 57. Ra6 Be4 58. Ne3 Bf6 59.
Kg4 Bd3 60. Rd6 Kf8 1-0

[Event "Aeroflot Open 2006"]
[Site "Moscu RUS"]
[Date "2006.02.12"]
[Round "5.16"]
[White "Petrosian, Tigran L"]
[Black "Smirnov, Pavel"]
[Result "1-0"]
[WhiteElo "2558"]
[BlackElo "2614"]
[PlyCount "61"]
[EventDate "2006.02.08"]
[EventType "swiss"]
[EventRounds "9"]
[EventCountry "RUS"]
[Source "lmi"]
[SourceDate "2006.02.18"]

1. e4 c5 2. Nf3 d6 3. d4 cxd4 4. Nxd4 Nf6 5. Nc3 a6 6. Be3 e6 7. a4 Nc6 8. Be2
Be7 9. O-O O-O 10. f4 Qc7 11. Kh1 Re8 12. a5 Nxa5 13. e5 dxe5 14. fxe5 Qxe5 15.
Bf4 Qc5 16. Na4 Qa7 17. Be3 Nd5 18. Bg1 b5 19. Bd3 Bf6 20. Nxb5 Qd7 21. Nbc3
Bd8 22. Nc5 Qc7 23. Nxd5 exd5 24. Rxa5 Qxa5 25. Bxh7+ Kf8 26. Qxd5 Ra7 27. b4
Qb5 28. c4 Qxb4 29. Qd6+ Be7 30. Rxf7+ Kxf7 31. Qd5+ 1-0

[Event "Aeroflot Open 2006"]
[Site "Moscu RUS"]
[Date "2006.02.12"]
[Round "5.17"]
[White "Kuzubov, Yuriy"]
[Black "Korotylev, Alexey"]
[Result "1/2-1/2"]
[WhiteElo "2544"]
[BlackElo "2609"]
[PlyCount "35"]
[EventDate "2006.02.08"]
[EventType "swiss"]
[EventRounds "9"]
[EventCountry "RUS"]
[Source "lmi"]
[SourceDate "2006.02.18"]

1. d4 d5 2. c4 e6 3. Nf3 Nf6 4. Bg5 Bb4+ 5. Nbd2 h6 6. Bxf6 Qxf6 7. a3 Bxd2+ 8.
Qxd2 O-O 9. Rc1 c6 10. g3 Nd7 11. Qf4 Qd8 12. Bg2 b6 13. cxd5 cxd5 14. O-O Ba6
15. Rc2 Rc8 16. Rfc1 Rxc2 17. Rxc2 Qb8 18. Qxb8 1/2-1/2

[Event "Aeroflot Open 2006"]
[Site "Moscu RUS"]
[Date "2006.02.12"]
[Round "5.21"]
[White "Khalifman, Alexander"]
[Black "Tomashevsky, Evgeny"]
[Result "1/2-1/2"]
[WhiteElo "2660"]
[BlackElo "2586"]
[PlyCount "64"]
[EventDate "2006.02.08"]
[EventType "swiss"]
[EventRounds "9"]
[EventCountry "RUS"]
[Source "lmi"]
[SourceDate "2006.02.18"]

1. d4 Nf6 2. c4 e6 3. Nf3 b6 4. g3 Ba6 5. b3 d5 6. cxd5 exd5 7. Bg2 Bd6 8. O-O
O-O 9. Nc3 Nbd7 10. Bb2 Re8 11. Rc1 Nf8 12. Re1 Ng6 13. Nd2 Bb7 14. Nb5 Ne4 15.
Nxd6 Qxd6 16. Rc2 Qd7 17. Nf3 f6 18. Qd3 a5 19. Rcc1 a4 20. Qc2 Re7 21. Bc3 h5
22. Bb4 Rf7 23. Nd2 f5 24. e3 h4 25. Nf3 Re8 26. Bd2 axb3 27. axb3 c5 28. Qd3
Qe6 29. Red1 Ref8 30. Re1 Re8 31. Red1 Ra8 32. Ra1 c4 1/2-1/2

[Event "Aeroflot Open 2006"]
[Site "Moscu RUS"]
[Date "2006.02.12"]
[Round "5.22"]
[White "Balogh, Csaba"]
[Black "Moiseenko, Alexander"]
[Result "1/2-1/2"]
[WhiteElo "2561"]
[BlackElo "2657"]
[PlyCount "52"]
[EventDate "2006.02.08"]
[EventType "swiss"]
[EventRounds "9"]
[EventCountry "RUS"]
[Source "lmi"]
[SourceDate "2006.02.18"]

1. e4 c5 2. Nf3 Nc6 3. d4 cxd4 4. Nxd4 Nf6 5. Nc3 e5 6. Ndb5 d6 7. Bg5 a6 8.
Na3 b5 9. Nd5 Be7 10. Bxf6 Bxf6 11. c4 b4 12. Nc2 a5 13. g3 O-O 14. Bg2 Bg5 15.
O-O Ne7 16. Nce3 Bxe3 17. Nxe3 Be6 18. Qd3 Qd7 19. Rfd1 Rfd8 20. Rac1 Rac8 21.
Nd5 Qa7 22. Nxe7+ Qxe7 23. b3 Qa7 24. Rc2 Qc5 25. Rcd2 Kf8 26. Qf3 Kg8 1/2-1/2

[Event "Aeroflot Open 2006"]
[Site "Moscu RUS"]
[Date "2006.02.12"]
[Round "5.24"]
[White "Izoria, Zviad"]
[Black "Sorokin, Maxim"]
[Result "1/2-1/2"]
[WhiteElo "2652"]
[BlackElo "2560"]
[PlyCount "51"]
[EventDate "2006.02.08"]
[EventType "swiss"]
[EventRounds "9"]
[EventCountry "RUS"]
[Source "lmi"]
[SourceDate "2006.02.18"]

1. e4 e5 2. Nf3 Nc6 3. Bb5 Nf6 4. O-O Nxe4 5. d4 Nd6 6. Bxc6 dxc6 7. dxe5 Nf5
8. Qxd8+ Kxd8 9. Nc3 Ne7 10. h3 Bf5 11. Rd1+ Kc8 12. Nd4 Bg6 13. Bg5 c5 14.
Ndb5 a6 15. Nd6+ cxd6 16. exd6 f6 17. dxe7 Bxe7 18. Nd5 Bd8 19. Be3 b6 20. b4
Kb7 21. bxc5 bxc5 22. Bxc5 Rc8 23. Rab1+ Ka8 24. Bb6 Bxc2 25. Rdc1 Bf5 26.
Rxc8+ 1/2-1/2

[Event "Aeroflot Open 2006"]
[Site "Moscu RUS"]
[Date "2006.02.12"]
[Round "5.25"]
[White "Sakaev, Konstantin"]
[Black "Azarov, Sergei"]
[Result "1-0"]
[WhiteElo "2649"]
[BlackElo "2581"]
[PlyCount "123"]
[EventDate "2006.02.08"]
[EventType "swiss"]
[EventRounds "9"]
[EventCountry "RUS"]
[Source "lmi"]
[SourceDate "2006.02.18"]

1. Nf3 Nf6 2. c4 e6 3. Nc3 Bb4 4. Qc2 b6 5. a3 Bxc3 6. Qxc3 Bb7 7. g3 O-O 8.
Bg2 c5 9. O-O Nc6 10. b4 d6 11. d3 e5 12. e3 Re8 13. Bb2 Rc8 14. b5 Na5 15. e4
Nd7 16. Bh3 Rc7 17. Bxd7 Rxd7 18. Nh4 f6 19. Nf5 Ba8 20. Ne3 Nb7 21. f4 Qb8 22.
f5 a5 23. Rf2 Nd8 24. Qc2 Kf7 25. g4 Ke7 26. h4 h6 27. Raf1 Nf7 28. Bc1 Rh8 29.
Nd1 Rdd8 30. Nc3 Rh7 31. Rf3 Rdh8 32. Kf2 Qd8 33. Ke1 Bb7 34. Qg2 Kd7 35. Rg3
Kc7 36. Bd2 Kb8 37. Qf3 Ka7 38. Rfg1 Qf8 39. Kd1 Qe7 40. Kc2 Qf8 41. Kb3 Qe7
42. Be3 Qf8 43. g5 hxg5 44. hxg5 Rh2 45. g6 Nd8 46. R3g2 R2h3 47. Rg3 Rh2 48.
Bf2 R8h5 49. R3g2 Rxg2 50. Rxg2 Qh8 51. Bg1 Rh1 52. Qe2 Qh6 53. Rh2 Rxh2 54.
Bxh2 Qc1 55. Bg3 a4+ 56. Nxa4 Bc8 57. Qe1 Qg5 58. Bh4 Qh6 59. Nc3 Nb7 60. Kc2
Na5 61. Qg3 Qh8 62. Bxf6 1-0

[Event "Aeroflot Open 2006"]
[Site "Moscu RUS"]
[Date "2006.02.12"]
[Round "5.26"]
[White "Bu, Xiangzhi"]
[Black "Zhao, Jun"]
[Result "1-0"]
[WhiteElo "2645"]
[BlackElo "2520"]
[PlyCount "92"]
[EventDate "2006.02.08"]
[EventType "swiss"]
[EventRounds "9"]
[EventCountry "RUS"]
[Source "lmi"]
[SourceDate "2006.02.18"]

1. d4 d5 2. Nf3 Nf6 3. c4 c6 4. Nc3 a6 5. c5 Nbd7 6. Bf4 Nh5 7. Bg5 h6 8. Be3
Nhf6 9. g3 Ng4 10. Bd2 e5 11. e3 e4 12. Nh4 Ngf6 13. f3 g5 14. Ng2 Qe7 15. f4
Bg7 16. Be2 Nf8 17. h3 Ne6 18. Na4 gxf4 19. gxf4 Nd7 20. O-O Bf6 21. Be1 Ng7
22. f5 Qd8 23. h4 h5 24. Rf4 a5 25. Rc1 Ra7 26. Bg3 Kf8 27. Rf2 Kg8 28. b3 Ra8
29. Kh1 Rh6 30. Qg1 b5 31. Nc3 b4 32. Na4 Rh7 33. Qh2 Ra7 34. Bd6 Kh8 35. Nb6
Ne8 36. Nxc8 Qxc8 37. Nf4 Qd8 38. Rg1 Nxd6 39. cxd6 Bxh4 40. Rfg2 Bf6 41. Bxh5
Qf8 42. Bxf7 Qxf7 43. Ng6+ Qxg6 44. Rxg6 Rxh2+ 45. Kxh2 Kh7 46. R1g3 Ra8 1-0

[Event "Aeroflot Open 2006"]
[Site "Moscu RUS"]
[Date "2006.02.12"]
[Round "5.27"]
[White "Sedlak, Nikola"]
[Black "Zhang, Pengxiang"]
[Result "1-0"]
[WhiteElo "2518"]
[BlackElo "2638"]
[PlyCount "47"]
[EventDate "2006.02.08"]
[EventType "swiss"]
[EventRounds "9"]
[EventCountry "RUS"]
[Source "lmi"]
[SourceDate "2006.02.18"]

1. e4 c5 2. Nf3 Nc6 3. d4 cxd4 4. Nxd4 Qb6 5. Nb3 Nf6 6. Nc3 e6 7. Bd3 d6 8.
O-O a6 9. Kh1 Qc7 10. f4 b5 11. Qe2 Bb7 12. Bd2 Be7 13. Rae1 O-O 14. Rf3 b4 15.
Nd1 g6 16. Rh3 Rfd8 17. Nf2 a5 18. e5 Nd7 19. Ng4 Nf8 20. Qf2 a4 21. f5 exf5
22. Nh6+ Kg7 23. Nxf5+ gxf5 24. Qxf5 1-0

[Event "Aeroflot Open 2006"]
[Site "Moscu RUS"]
[Date "2006.02.12"]
[Round "5.29"]
[White "Al-Modiahki, Mohamad"]
[Black "Roiz, Michael"]
[Result "1/2-1/2"]
[WhiteElo "2579"]
[BlackElo "2599"]
[PlyCount "30"]
[EventDate "2006.02.08"]
[EventType "swiss"]
[EventRounds "9"]
[EventCountry "RUS"]
[Source "lmi"]
[SourceDate "2006.02.18"]

1. e4 c5 2. Nf3 Nc6 3. Bb5 e6 4. O-O Nge7 5. b3 b6 6. Bb2 Bb7 7. Re1 Ng6 8.
Bxc6 Bxc6 9. c4 Qb8 10. d4 cxd4 11. Qxd4 f6 12. Ba3 Bxa3 13. Nxa3 O-O 14. Nc2
f5 15. Nd2 Qc7 1/2-1/2

[Event "Aeroflot Open 2006"]
[Site "Moscu RUS"]
[Date "2006.02.13"]
[Round "6.2"]
[White "Eljanov, Pavel"]
[Black "Alekseev, Evgeny"]
[Result "1-0"]
[WhiteElo "2655"]
[BlackElo "2634"]
[PlyCount "207"]
[EventDate "2006.02.08"]
[EventType "swiss"]
[EventRounds "9"]
[EventCountry "RUS"]
[Source "lmi"]
[SourceDate "2006.02.18"]

1. d4 Nf6 2. c4 e6 3. Nf3 b6 4. g3 Ba6 5. Nbd2 c5 6. e4 cxd4 7. e5 Ng4 8. h3
Nh6 9. Bg2 Nc6 10. O-O Nf5 11. a3 Be7 12. b4 Bb7 13. g4 Nh4 14. Nxh4 Bxh4 15.
Ne4 Be7 16. Bf4 O-O 17. g5 Qb8 18. Re1 Kh8 19. Qh5 a5 20. Bg3 Rg8 21. c5 bxc5
22. bxc5 Qe8 23. Qh4 a4 24. Nd6 Bxd6 25. Be4 h6 26. cxd6 Qd8 27. Rab1 Rb8 28.
gxh6 Qxh4 29. Bxh4 Na5 30. Bxb7 Rxb7 31. Rxb7 Nxb7 32. hxg7+ Kxg7 33. Rd1 Rc8
34. Rxd4 Rc1+ 35. Kg2 Nc5 36. Bg5 Rc2 37. h4 Kg6 38. Be3 Kh5 39. Rf4 Nd3 40.
Rxf7 Nxe5 41. Rg7 Nc4 42. Bc5 Kxh4 43. Rxd7 Rd2 44. Rd8 Ne5 45. Re8 Rd5 46. Be3
Rxd6 47. Bf4 Rd5 48. Rxe6 Nd3 49. Re4 Kg4 50. Be3+ Kf5 51. Rxa4 Ne5 52. Kf1
Rd1+ 53. Ke2 Ra1 54. Bc5 Rc1 55. Bd4 Rc4 56. Rb4 Rc2+ 57. Kd1 Rc8 58. Rb5 Rd8
59. Rxe5+ Kf4 60. Kc2 Rxd4 61. Re3 Rc4+ 62. Rc3 Ra4 63. Rd3 Ra8 64. f3 Ke5 65.
Kd2 Ra4 66. Ke3 Ra8 67. Kd2 Ra4 68. Kc2 Ra8 69. Kb3 Rb8+ 70. Kc4 Rc8+ 71. Kb5
Rb8+ 72. Kc6 Ra8 73. Rb3 Ke6 74. Kb5 Rb8+ 75. Kc4 Rc8+ 76. Kb4 Rb8+ 77. Kc3 Ra8
78. Kb2 Kd5 79. Rb5+ Kc6 80. Rb4 Rf8 81. f4 Rg8 82. Rc4+ Kd5 83. Kb3 Rg3+ 84.
Rc3 Rg8 85. a4 Rg1 86. Rd3+ Ke4 87. Rd8 Kxf4 88. Re8 Kf5 89. a5 Kf6 90. Kb4 Kf7
91. Re2 Rb1+ 92. Kc5 Ra1 93. Kb6 Rb1+ 94. Ka7 Rb3 95. a6 Rb1 96. Ka8 Rb6 97. a7
Rb1 98. Rc2 Ke7 99. Rc8 Kd6 100. Rb8 Ra1 101. Kb7 Rb1+ 102. Kc8 Rc1+ 103. Kd8
Rg1 104. Ke8 1-0

[Event "Aeroflot Open 2006"]
[Site "Moscu RUS"]
[Date "2006.02.13"]
[Round "6.5"]
[White "Galkin, Alexander"]
[Black "Jakovenko, Dmitry"]
[Result "1/2-1/2"]
[WhiteElo "2616"]
[BlackElo "2662"]
[PlyCount "42"]
[EventDate "2006.02.08"]
[EventType "swiss"]
[EventRounds "9"]
[EventCountry "RUS"]
[Source "lmi"]
[SourceDate "2006.02.18"]

1. e4 e5 2. Nf3 Nc6 3. Bb5 Nf6 4. O-O Nxe4 5. d4 Nd6 6. Bxc6 dxc6 7. dxe5 Nf5
8. Qxd8+ Kxd8 9. Nc3 Ne7 10. Ne4 Ng6 11. Re1 h6 12. h3 Bd7 13. Bd2 Ke8 14. h4
Bg4 15. Nh2 h5 16. Nxg4 hxg4 17. Bg5 Be7 18. Nf6+ Kf8 19. Nd7+ Ke8 20. Nf6+ Kf8
21. Nd7+ Ke8 1/2-1/2

[Event "Aeroflot Open 2006"]
[Site "Moscu RUS"]
[Date "2006.02.13"]
[Round "6.6"]
[White "Asrian, Karen"]
[Black "Sargissian, Gabriel"]
[Result "1/2-1/2"]
[WhiteElo "2646"]
[BlackElo "2603"]
[PlyCount "55"]
[EventDate "2006.02.08"]
[EventType "swiss"]
[EventRounds "9"]
[EventCountry "RUS"]
[Source "lmi"]
[SourceDate "2006.02.18"]

1. e4 e5 2. Nf3 Nc6 3. Bb5 Nf6 4. O-O Nxe4 5. Re1 Nd6 6. Nxe5 Nxe5 7. Rxe5+ Be7
8. Bf1 O-O 9. d4 Bf6 10. Re1 Nf5 11. d5 d6 12. Nd2 c6 13. Ne4 Be5 14. c3 Qb6
15. dxc6 bxc6 16. Nd2 Qd8 17. Nc4 Bf6 18. Bf4 d5 19. Ne5 Ne7 20. Bd3 Be6 21.
Ng4 Bxg4 22. Qxg4 Ng6 23. Bg3 Re8 24. Re2 Rxe2 25. Qxe2 Nf8 26. Re1 g6 27. f4
Bh4 28. Bxh4 1/2-1/2

[Event "Aeroflot Open 2006"]
[Site "Moscu RUS"]
[Date "2006.02.13"]
[Round "6.8"]
[White "Petrosian, Tigran L"]
[Black "Fressinet, Laurent"]
[Result "1/2-1/2"]
[WhiteElo "2558"]
[BlackElo "2625"]
[PlyCount "84"]
[EventDate "2006.02.08"]
[EventType "swiss"]
[EventRounds "9"]
[EventCountry "RUS"]
[Source "lmi"]
[SourceDate "2006.02.18"]

1. e4 e5 2. Nf3 Nc6 3. Bb5 a6 4. Ba4 Nf6 5. O-O b5 6. Bb3 Bc5 7. d3 d6 8. c3 h6
9. h3 O-O 10. Nbd2 Bb6 11. Re1 Ne7 12. Nf1 Ng6 13. Ng3 Re8 14. a4 Bb7 15. Nh2
d5 16. Ng4 Nxg4 17. Qxg4 Qf6 18. Be3 Rad8 19. Nf5 c5 20. axb5 axb5 21. Bxd5
Bxd5 22. exd5 Rxd5 23. Ra6 Re6 24. Qe4 Rd8 25. Rea1 c4 26. Ra8 Rxa8 27. Rxa8+
Kh7 28. dxc4 bxc4 29. h4 Bxe3 30. fxe3 h5 31. g4 Rb6 32. Qxc4 Nxh4 33. Qc8 Nf3+
34. Kf2 hxg4 35. e4 Ng5 36. Ke3 Ne6 37. Qh8+ Kg6 38. Rg8 Qg5+ 39. Kd3 Kf6 40.
Rxg7 Nxg7 41. Qd8+ Kg6 42. Qxb6+ f6 1/2-1/2

[Event "Aeroflot Open 2006"]
[Site "Moscu RUS"]
[Date "2006.02.13"]
[Round "6.9"]
[White "Najer, Evgeniy"]
[Black "Popov, Valerij"]
[Result "1/2-1/2"]
[WhiteElo "2652"]
[BlackElo "2592"]
[PlyCount "83"]
[EventDate "2006.02.08"]
[EventType "swiss"]
[EventRounds "9"]
[EventCountry "RUS"]
[Source "lmi"]
[SourceDate "2006.02.18"]

1. e4 c5 2. Nf3 d6 3. d4 cxd4 4. Nxd4 Nf6 5. Nc3 a6 6. f3 e5 7. Nb3 Be6 8. Be3
Be7 9. Qd2 O-O 10. O-O-O Nbd7 11. g4 b5 12. g5 b4 13. Ne2 Ne8 14. f4 a5 15. f5
a4 16. Nbd4 exd4 17. Nxd4 b3 18. Kb1 bxc2+ 19. Nxc2 Bb3 20. axb3 axb3 21. Na3
Ne5 22. h4 Ra5 23. Qb4 Qa8 24. Bb6 Ra4 25. Qxb3 Qxe4+ 26. Nc2 Ra8 27. Qd5 Qxd5
28. Rxd5 Rb8 29. Rb5 Bd8 30. Bxd8 Rxd8 31. Bg2 g6 32. f6 Nc7 33. Rb6 Rb8 34.
Rxb8 Rxb8 35. Ka2 h6 36. gxh6 Ne8 37. b4 Nxf6 38. Kb3 Kh7 39. Nd4 Kxh6 40. Nc6
Nxc6 41. Bxc6 Ng4 42. Rd1 1/2-1/2

[Event "Aeroflot Open 2006"]
[Site "Moscu RUS"]
[Date "2006.02.13"]
[Round "6.11"]
[White "Shabalov, Alexander"]
[Black "Naiditsch, Arkadij"]
[Result "0-1"]
[WhiteElo "2595"]
[BlackElo "2657"]
[PlyCount "102"]
[EventDate "2006.02.08"]
[EventType "swiss"]
[EventRounds "9"]
[EventCountry "RUS"]
[Source "lmi"]
[SourceDate "2006.02.18"]

1. e4 c5 2. Nf3 d6 3. d4 cxd4 4. Nxd4 Nf6 5. Nc3 a6 6. Be3 e5 7. Nb3 Be6 8. Qd2
Nbd7 9. O-O-O Be7 10. f3 b5 11. g4 Nb6 12. Qf2 Nfd7 13. Nd5 Bxd5 14. exd5 O-O
15. h4 Nc4 16. Bd3 Nxe3 17. Qxe3 Qb6 18. Qxb6 Nxb6 19. Na5 Rac8 20. Be4 g6 21.
Nc6 Bd8 22. g5 Nd7 23. c3 Kg7 24. Rhg1 f5 25. gxf6+ Nxf6 26. Bf5 Ra8 27. a4 Bb6
28. Rg2 Nh5 29. Be4 bxa4 30. Kc2 Rf4 31. Ra1 Nf6 32. h5 Nxe4 33. fxe4 Rxe4 34.
hxg6 h6 35. b4 axb3+ 36. Kxb3 a5 37. Rb1 Rf4 38. Kc2 Rf2+ 39. Rxf2 Bxf2 40. Ne7
Bc5 41. Rf1 Rf8 42. Ra1 Re8 43. Nc6 Ra8 44. Kd3 Kxg6 45. Kc4 Be3 46. Kd3 Bb6
47. Kc4 a4 48. Kb5 Bf2 49. Ra2 a3 50. Na5 Bc5 51. Nb3 Rc8 0-1

[Event "Aeroflot Open 2006"]
[Site "Moscu RUS"]
[Date "2006.02.13"]
[Round "6.13"]
[White "Kosteniuk, Alexandra"]
[Black "Bu, Xiangzhi"]
[Result "1/2-1/2"]
[WhiteElo "2514"]
[BlackElo "2645"]
[PlyCount "61"]
[EventDate "2006.02.08"]
[EventType "swiss"]
[EventRounds "9"]
[EventCountry "RUS"]
[Source "lmi"]
[SourceDate "2006.02.18"]

1. e4 c5 2. c3 d5 3. exd5 Qxd5 4. d4 Nf6 5. Nf3 Bg4 6. dxc5 Qxc5 7. Na3 a6 8.
Be3 Qc7 9. h3 Bh5 10. g4 Bg6 11. Bg2 Nbd7 12. g5 Ne4 13. Nh4 Nd6 14. Nxg6 hxg6
15. Nc2 O-O-O 16. Qe2 Nf5 17. O-O-O e6 18. Kb1 Be7 19. Nb4 Nxe3 20. Qxe3 Nb6
21. Nd3 Nd5 22. Qe5 Qxe5 23. Nxe5 Nf4 24. Rxd8+ Rxd8 25. Be4 Rd2 26. Nxf7 Rxf2
27. h4 Re2 28. Bf3 Rf2 29. Be4 Re2 30. Bf3 Rf2 31. Be4 1/2-1/2

[Event "Aeroflot Open 2006"]
[Site "Moscu RUS"]
[Date "2006.02.13"]
[Round "6.16"]
[White "Jobava, Baadur"]
[Black "Sandipan, Chanda"]
[Result "1-0"]
[WhiteElo "2614"]
[BlackElo "2522"]
[PlyCount "82"]
[EventDate "2006.02.08"]
[EventType "swiss"]
[EventRounds "9"]
[EventCountry "RUS"]
[Source "lmi"]
[SourceDate "2006.02.18"]

1. d4 Nf6 2. c4 g6 3. Nc3 Bg7 4. e4 d6 5. f3 O-O 6. Be3 e5 7. Nge2 c6 8. Qd2
Nbd7 9. O-O-O a6 10. Kb1 b5 11. Nc1 bxc4 12. dxe5 Nxe5 13. Qxd6 Qxd6 14. Rxd6
Rb8 15. Ba7 Rb7 16. Bd4 Nfd7 17. Nd1 c5 18. Bc3 Rb6 19. Rxb6 Nxb6 20. Ba5 Na4
21. Bc7 Be6 22. b3 Nc6 23. bxa4 Rc8 24. Bg3 Rd8 25. Be2 Rd7 26. a3 c3 27. Bxa6
Rd2 28. Bd3 Nd4 29. Nxc3 c4 30. Rd1 Rxd1 31. Nxd1 cxd3 32. Nxd3 Bb3 33. N1b2
Ne2 34. Be5 f6 35. Nc5 Bf7 36. Bd6 f5 37. e5 Bd5 38. Nbd3 g5 39. a5 Nc3+ 40.
Kc2 Nb5 41. a4 Na3+ 1-0

[Event "Aeroflot Open 2006"]
[Site "Moscu RUS"]
[Date "2006.02.13"]
[Round "6.17"]
[White "Dyachkov, Sergej"]
[Black "Korotylev, Alexey"]
[Result "1/2-1/2"]
[WhiteElo "2554"]
[BlackElo "2609"]
[PlyCount "62"]
[EventDate "2006.02.08"]
[EventType "swiss"]
[EventRounds "9"]
[EventCountry "RUS"]
[Source "lmi"]
[SourceDate "2006.02.18"]

1. d4 d5 2. c4 c6 3. Nf3 dxc4 4. e3 Be6 5. Qc2 Nf6 6. Bxc4 Bxc4 7. Qxc4 Nbd7 8.
Nc3 e6 9. O-O Be7 10. Rd1 O-O 11. e4 Rc8 12. Be3 Qc7 13. Rac1 Qb8 14. h3 h6 15.
Qe2 Rfe8 16. g3 b5 17. a3 a6 18. Nd2 c5 19. e5 cxd4 20. Bxd4 Nh7 21. Qe3 Nhf8
22. Ne2 Rxc1 23. Nxc1 Rc8 24. Nd3 Qa8 25. Ne4 Qd5 26. Nf4 Qc4 27. b4 Qc2 28.
Re1 Rc4 29. Nd2 Rc8 30. Ne4 Rc4 31. Nd2 Rc8 1/2-1/2

[Event "Aeroflot Open 2006"]
[Site "Moscu RUS"]
[Date "2006.02.13"]
[Round "6.18"]
[White "Fedorov, Alexei"]
[Black "Huzman, Alexander"]
[Result "1/2-1/2"]
[WhiteElo "2608"]
[BlackElo "2573"]
[PlyCount "35"]
[EventDate "2006.02.08"]
[EventType "swiss"]
[EventRounds "9"]
[EventCountry "RUS"]
[Source "lmi"]
[SourceDate "2006.02.18"]

1. e4 e5 2. Nf3 Nf6 3. Nxe5 d6 4. Nf3 Nxe4 5. d4 d5 6. Bd3 Nc6 7. O-O Be7 8. c4
Nb4 9. Be2 O-O 10. Nc3 Be6 11. Nxe4 dxe4 12. Ne1 c6 13. a3 Na6 14. Be3 Nc7 15.
Qd2 Qd7 16. f3 Bf5 17. Rd1 Bd6 18. fxe4 1/2-1/2